| 000 | 00689nam a2200217 a 4500 | ||
|---|---|---|---|
| 001 | 000040096 | ||
| 005 | 20250429110432.0 | ||
| 008 | 130806s1966 sp 000 0 spa d | ||
| 040 |
_aDO-SdBNP _bspa _cBNPHU |
||
| 082 |
_a909 _bR811c |
||
| 100 | 1 |
_aRoselló Mora, María _966360 |
|
| 245 | 1 | 0 |
_a5000 años de historia / _cMaría Roselló Mora. |
| 246 | 1 | 0 | _aCinco mil años de historia |
| 260 |
_aBarcelona : _bRamón Sopena, _c1966. |
||
| 300 |
_a689 p. : _bil., retrs. ; _c23 cm. |
||
| 490 | 1 | _aBiblioteca Hispania | |
| 650 | 0 |
_aHistoria universal _9933 |
|
| 650 | 4 |
_aCivilización _xHistoria _94894 |
|
| 830 | 0 |
_aBiblioteca Hispania _944384 |
|
| 910 | _aValidado. Control de calidad MFF | ||
| 999 |
_c39586 _d39586 |
||